El polit-buró / (Record no. 140110)

MARC details
000 -LEADER
campo de control de longitud fija 00848nam a2200241 4500
001 - NÚMERO DE CONTROL
campo de control 140110
003 - IDENTIFICADOR DE NÚMERO DE CONTROL
campo de control ES-MaACL
005 - FECHA Y HORA DE LA ÚLTIMA TRANSACCIÓN
campo de control 20250923160915.0
007 - CAMPO FIJO DE DESCRIPCIÓN FÍSICA--INFORMACIÓN GENERAL
campo de control de longitud fija t|
008 - DATOS DE LONGITUD FIJA--INFORMACIÓN GENERAL
campo de control de longitud fija 070214s1951 sp r ||||1| spa d
100 1# - ENTRADA PRINCIPAL--NOMBRE DE PERSONA
Nombre de persona Schueller, George K.
9 (RLIN) 104743
245 13 - MENCIÓN DEL TÍTULO
Título El polit-buró /
Mención de responsabilidad, etc. George K. Schueller ; advertencia preliminar por J. Vicens Vives ; traducción de E. Borrás Cubells.
260 ## - PUBLICACIÓN, DISTRIBUCIÓN, ETC.
Lugar de publicación, distribución, etc. Barcelona :
Nombre del editor, distribuidor, etc. Universidad,
Fecha de publicación, distribución, etc. 1951.
300 ## - DESCRIPCIÓN FÍSICA
Extensión 149 p. ;
Dimensiones 20 cm.
490 1# - MENCIÓN DE SERIE
Mención de serie Col. hilani
500 ## - NOTA GENERAL
Nota general Precede al tít.: Centro de Estudios Históricos Internacionales.
700 1# - ENTRADA AGREGADA--NOMBRE PERSONAL
Nombre de persona Vicens Vives, Jaime,
Fechas asociadas al nombre 1910-1960
9 (RLIN) 114319
700 1# - ENTRADA AGREGADA--NOMBRE PERSONAL
Nombre de persona Borrás Cubells, Enric.
9 (RLIN) 30558
710 2# - ENTRADA AGREGADA--NOMBRE DE ENTIDAD CORPORATIVA
Nombre de entidad corporativa o nombre de jurisdicción como elemento de entrada Centro de Estudios Históricos Internacionales.
9 (RLIN) 2646
830 0# - PUNTO DE ACCESO ADICIONAL DE SERIE-TÍTULO UNIFORME
Título uniforme Col. hilani
9 (RLIN) 220296
852 ## - LOCALIZACIÓN
Ubicación ES-MaACL
Número de control de estantería C-6075
Holdings
Estatus retirado Estado de pérdida Estado de daño No para préstamo Biblioteca de origen Biblioteca actual Ubicación en estantería Fecha de adquisición Fuente de adquisición Total de préstamos Signatura topográfica completa Código de barras Visto por última vez Precio de reemplazo Tipo de ítem Koha
        Biblioteca del Ateneo de Madrid Biblioteca del Ateneo de Madrid Sala Palomar 17/01/2008     C-6075 1145803 23/02/2023 23/02/2023 Libro impreso